000 00731nac a22001811u 4500
090 _c167
008 081214t1995 xxu||||| |||| 00| 0 eng d
010 _a 94016158
020 _a0201627698
082 0 0 _a004.019
_bP9236
100 _aPreece, Jenny,
245 1 0 _aHuman-computer interaction /
_cJenny Preece [with] Yvonne Rogers ... [et al.].
260 _aWokingham, England ;
_aReading, Mass. :
_bAddison-Wesley Pub. Co.
_c1995.
300 _axxxviii, 775 p. :
_bill. (some col.) ;
_c25 cm.
650 0 _aHuman-computer interaction.
942 _cBB
_k004.019P9236
_2ddc
999 _c167
_d167